000 00896nam a22002417a 4500
005 20240108115220.0
008 140521t sp||||| |||| 00| 0 spa d
020 _a8476583540 t.1
020 _a8476583532 oc
050 0 4 _aBD175
_bZ45 1992
100 1 _aZemelman Merino, Hugo,
_d1931-
245 1 4 _aLos Horizontes de la razón :
_bUso critico de la teoría /
_cHugo Zemelman Merino ; vers. prep. por Emma León.
250 _a1a ed.
260 _aBarcelona :
_bEl Colegio de México,
_c1992.
300 _av. ;
_c20 cm.
490 0 _aAutores, Textos y Temas. Ciencias Sociales ;
_v2
505 _tV. 1. Dialéctica y apropiación del presente : las funciones de la totalidad.
505 _tV. 2. Historia y necesidad de utopía.
650 7 _2Lemb
_aTeoría del Conocimiento
_xSociología
650 7 _2Lemb
_aMetodología
650 7 _2Lemb
_aTeoría Critica
942 _2lcc
_cLIB
999 _c52026
_d52026